000 01409nam a2200325 i 4500
003 EG-GICUC
005 20260121101208.0
008 251111s2011 ua ||||f |||| 00| 0 ara d
017 _a2011/20979
020 _a9775866464
040 _a EG-GICUC
_bara
_c EG-GICUC
_d EG-GICUC
_erda
041 _aara
082 0 4 _221
_a345
_bه ش . ط
092 0 4 _221
099 _alaw1 07 345 ه ش . ط 2011
100 0 _aهشام عبد المنعم عكاشة
_eمؤلف.
245 _aالطبيعة القانونية للجنة الانتخابات الرئاسية ومدى جواز الدفع بعدم الدستورية أمامها :
_b"دراسة فقهية قضائية مقارنة في ضوء التعديلات الدستورية والتشريعية الحديثة " /
_cدكتور هشام عبد المنعم عكاشة
264 _aالقاهرة :
_bدار النهضة العربية ,
_c2011.
300 _a222 صفحة
_c24 سم
_bإيضاحيات، صور، مثيليات ؛
336 _2rda content
_atext
337 _2rda media
_aComputer
338 _2rda carrier
_aOnline Resource
504 _a. 222-213ببليوجرافيا: صفحات.
546 _aالنص باللغة العربية
650 1 _aالقانون الإداري
_2qrmak
651 1 _2qrmak
856 4 0 _uhttps://fll.law.cu.edu.eg/fulltext/bks/B08-03806.pdf
905 _a74
942 _2ddc
_n0
_cBK
_e21
999 _c42477
_d42477